[Event "Leisure Tarrasch Thematic"]
[Site "SchemingMind.com"]
[Date "2008.08.24"]
[Round "-"]
[White "Dr_Pat"]
[Black "smothered mate"]
[Result "1-0"]
[WhiteCountry "USA"]
[BlackCountry "POL"]
[WhiteElo "1985"]
[WhiteRD "61"]
[BlackElo "1877"]
[BlackRD "53"]
[GameID "168114"]

1. d4 d5 2. c4 e6 3. Nc3 c5 4. cxd5 exd5 5. dxc5 d4 6. Ne4 Nc6 7. Nf3 f5 8. Nd6+ Bxd6 9. cxd6 Qxd6 10. e3 Qb4+
11. Bd2 Qxb2 12. Bc4 Nf6 13. exd4 Bd7 14. Rb1 Qa3 15. O-O O-O-O 16. d5 Ne7 17. Bb4 Qa4 18. Bxe7 Rde8 19. d6 Ne4 20. Qd4 Kb8
21. Bd5 Qxd4 22. Rxb7+ Kc8 23. Rc7+ Kb8 24. Nxd4
1-0

[Event "Leisure Tarrasch Thematic"]
[Site "SchemingMind.com"]
[Date "2008.08.24"]
[Round "-"]
[White "smothered mate"]
[Black "Dr_Pat"]
[Result "0-1"]
[WhiteCountry "POL"]
[BlackCountry "USA"]
[WhiteElo "1877"]
[WhiteRD "53"]
[BlackElo "1985"]
[BlackRD "61"]
[GameID "168115"]

1. d4 d5 2. c4 e6 3. Nc3 c5 4. Nf3 Nf6 5. Bg5 cxd4 6. Nxd4 e5 7. Ndb5 a6 8. Qa4 Bd7 9. Bxf6 gxf6 10. O-O-O d4
11. Ne4 Bc6 12. e3 b6 13. Qc2 axb5 14. cxb5 Bxe4 15. Qxe4 Rxa2 16. Bc4 Qc8 17. Qd5 Ra7 18. b3 Ba3+ 19. Kb1 Qf5+ 20. e4 Qxf2
0-1

[Event "Leisure Tarrasch Thematic"]
[Site "SchemingMind.com"]
[Date "2008.09.07"]
[Round "-"]
[White "Schaakmaatje"]
[Black "Dr_Pat"]
[Result "0-1"]
[WhiteCountry "NED"]
[BlackCountry "USA"]
[WhiteElo "1837"]
[WhiteRD "46"]
[BlackElo "1985"]
[BlackRD "61"]
[GameID "169460"]

1. d4 d5 2. c4 e6 3. Nc3 c5 4. e3 Nf6 5. Nf3 Nc6 6. Be2 dxc4 7. Bxc4 Be7 8. O-O O-O 9. dxc5 Bxc5 10. Ne2 Qb6
11. a3 Rd8 12. Qc2 Bd6 13. e4 Bd7 14. Be3 Qc7 15. Rac1 Ng4 16. h3 Nxe3 17. fxe3 Rac8 18. Ned4 Nxd4 19. exd4 Bf4
0-1

[Event "Leisure Tarrasch Thematic"]
[Site "SchemingMind.com"]
[Date "2008.09.07"]
[Round "-"]
[White "Schaakmaatje"]
[Black "smothered mate"]
[Result "1-0"]
[WhiteCountry "NED"]
[BlackCountry "POL"]
[WhiteElo "1767"]
[WhiteRD "51"]
[BlackElo "1904"]
[BlackRD "55"]
[GameID "169461"]

1. d4 d5 2. c4 e6 3. Nc3 c5 4. e3 Nc6 5. Nf3 Nf6 6. cxd5 exd5 7. Bb5 Qd6 8. dxc5 Qxc5 9. Ne5 Bd7 10. Nxd7 Nxd7
11. Qxd5 Qxd5 12. Nxd5 O-O-O 13. O-O Nb4 14. Nxb4 Bxb4 15. e4 a6 16. Ba4 Nc5 17. Bc2 Rhe8 18. f3 Nd3 19. Bxd3 Rxd3 20. Bf4 Bc5+
21. Kh1 Kd7 22. Rad1 Rxd1 23. Rxd1+ Kc6 24. g3 f5 25. exf5 Re2 26. Rd2 Re1+ 27. Kg2 Ra1 28. b3 g6 29. fxg6 hxg6 30. Kh3 Be7
31. Kg4 Re1 32. Bg5 Bb4 33. Rc2+ Kd5 34. h4 Rh1 35. Re2 a5 36. Bd2 Bxd2 37. Rxd2+ Ke6 38. Kg5 Rg1 39. g4 Rh1 40. a3 Rf1
41. f4 Rf3 42. Re2+ Kf7 43. Rb2 Rd3 44. f5 gxf5 45. Kxf5 Rh3 46. Kg5 Rd3 47. h5 Rd5+ 48. Kh4 Rd4 49. b4 a4 50. Rf2+ Kg7
51. Rc2 Rd7 52. Rc3 Kh6 53. g5+ Kg7 54. Re3 Rd4+ 55. Kh3 b5 56. Re7+ Kf8 57. Re5 Rd3+ 58. Kg4 Rxa3 59. Rxb5 Rb3 60. Ra5 Rxb4+
61. Kf5 Kg7 62. h6+ Kh7 63. Ra7+ Kh8 64. g6 Rb8 65. Rxa4 Rf8+ 66. Kg5 Rg8 67. Ra7 Rb8 68. Rf7 Rb5+ 69. Rf5 Rb8 70. Rf7 Rb5+
71. Kf4 Rb8 72. Ke5 Re8+ 73. Kd6 Ra8 74. Rc7 Ra6+ 75. Rc6 Ra7 76. Rc8#
1-0

[Event "Leisure Tarrasch Thematic"]
[Site "SchemingMind.com"]
[Date "2008.09.07"]
[Round "-"]
[White "Dr_Pat"]
[Black "Schaakmaatje"]
[Result "1-0"]
[WhiteCountry "USA"]
[BlackCountry "NED"]
[WhiteElo "1985"]
[WhiteRD "61"]
[BlackElo "1837"]
[BlackRD "46"]
[GameID "169462"]

1. d4 d5 2. c4 e6 3. Nc3 c5 4. cxd5 cxd4 5. Qa4+ Nd7 6. Qxd4 e5 7. Qc4 Nb6 8. Qb3 Nf6 9. e4 Bc5 10. Nf3 Ng4
11. Bb5+ Bd7 12. h3 Nxf2 13. Rf1 Qe7 14. Rxf2 Bxf2+ 15. Kxf2 O-O 16. Be3 Rac8 17. Rd1 Bxb5 18. Nxb5 Nc4 19. d6 Qf6 20. Bg5 Qg6
21. d7
1-0

[Event "Leisure Tarrasch Thematic"]
[Site "SchemingMind.com"]
[Date "2008.09.07"]
[Round "-"]
[White "smothered mate"]
[Black "Schaakmaatje"]
[Result "0-1"]
[WhiteCountry "POL"]
[BlackCountry "NED"]
[WhiteElo "1931"]
[WhiteRD "51"]
[BlackElo "1851"]
[BlackRD "48"]
[GameID "169463"]

1. d4 d5 2. c4 e6 3. Nc3 c5 4. cxd5 cxd4 5. Qxd4 Nf6 6. e4 Nbd7 7. Bb5 a6 8. Qa4 Bc5 9. dxe6 fxe6 10. e5 Nd5
11. Nxd5 exd5 12. Bf4 O-O 13. Bd3 b5 14. Qb3 Nb6 15. Bg3 Be6 16. Nf3 Qe7 17. Rc1 Rac8 18. O-O Nc4 19. Bb1 Rxf3 20. Qxf3 Nd2
21. Qd3 Nxf1 22. Qxh7+ Kf8 23. Rxf1 Qf7 24. Bg6 Qg8 25. Qh5 Ke7 26. Bh4+ Kd7 27. Qg5 Qf8 28. Rc1 b4 29. b3 Rc7 30. h3 Kc8
31. Bd3 Kb7 32. Qg6 Bxf2+ 33. Kh2 Rxc1 34. Qxe6 Qf4+ 35. g3 Bxg3+ 36. Bxg3 Qd2+
0-1

[Event "Leisure Tarrasch Thematic"]
[Site "SchemingMind.com"]
[Date "2008.09.08"]
[Round "-"]
[White "dcon"]
[Black "Dr_Pat"]
[Result "1-0"]
[WhiteCountry "RSA"]
[BlackCountry "USA"]
[WhiteElo "2288"]
[WhiteRD "58"]
[BlackElo "1970"]
[BlackRD "60"]
[GameID "169619"]

1. d4 d5 2. c4 e6 3. Nc3 c5 4. cxd5 exd5 5. Nf3 Nc6 6. dxc5 Nf6 7. Be3 Be7 8. Qa4 Ng4 9. Bd4 O-O 10. e3 Nxd4
11. exd4 b6 12. c6 Re8 13. Be2 Bd6 14. O-O Bf5 15. h3 Nf6 16. Ba6
1-0

[Event "Leisure Tarrasch Thematic"]
[Site "SchemingMind.com"]
[Date "2008.09.08"]
[Round "-"]
[White "dcon"]
[Black "smothered mate"]
[Result "1-0"]
[WhiteCountry "RSA"]
[BlackCountry "POL"]
[WhiteElo "2288"]
[WhiteRD "58"]
[BlackElo "1931"]
[BlackRD "51"]
[GameID "169620"]

1. d4 d5 2. c4 e6 3. Nc3 c5 4. cxd5 exd5 5. Nf3 Nc6 6. dxc5 d4 7. Na4 Nf6 8. a3 a5 9. e3 Bg4 10. Be2 dxe3
11. Bxe3 Be7 12. Nb6 Rb8 13. h3 Be6 14. Qa4 O-O 15. O-O Qc7 16. Bf4
1-0

[Event "Leisure Tarrasch Thematic"]
[Site "SchemingMind.com"]
[Date "2008.09.08"]
[Round "-"]
[White "dcon"]
[Black "Schaakmaatje"]
[Result "1-0"]
[WhiteCountry "RSA"]
[BlackCountry "NED"]
[WhiteElo "2288"]
[WhiteRD "58"]
[BlackElo "1851"]
[BlackRD "48"]
[GameID "169621"]

1. d4 d5 2. c4 e6 3. Nc3 c5 4. cxd5 exd5 5. Nf3 Be6 6. e4 Nf6 7. Bb5+ Nc6 8. exd5 Nxd5 9. O-O Be7 10. Nxd5 Bxd5
11. dxc5 Bxc5 12. Re1+ Kf8 13. Be3 Bb4 14. Re2 Bxf3 15. gxf3 Qf6 16. Qd7 Ne5 17. Qxb7
1-0

[Event "Leisure Tarrasch Thematic"]
[Site "SchemingMind.com"]
[Date "2008.09.08"]
[Round "-"]
[White "Dr_Pat"]
[Black "dcon"]
[Result "0-1"]
[WhiteCountry "USA"]
[BlackCountry "RSA"]
[WhiteElo "1970"]
[WhiteRD "60"]
[BlackElo "2288"]
[BlackRD "58"]
[GameID "169622"]

1. d4 d5 2. c4 e6 3. Nc3 c5 4. cxd5 exd5 5. Nf3 Nc6 6. dxc5 Bxc5 7. Qxd5 Qb6 8. e3 Nf6 9. Qb3 Qxb3 10. axb3 O-O
11. Bd2 Rd8 12. Na4 Bb4 13. Bxb4 Nxb4 14. Rc1 Bf5 15. Nd4 Rxd4 16. exd4 Re8+ 17. Be2 Nc2+ 18. Kd2 Nxd4 19. Bc4 b5 20. Kc3 Rd8
21. Nc5 bxc4 22. bxc4 Ne2+
0-1

[Event "Leisure Tarrasch Thematic"]
[Site "SchemingMind.com"]
[Date "2008.09.08"]
[Round "-"]
[White "smothered mate"]
[Black "dcon"]
[Result "0-1"]
[WhiteCountry "POL"]
[BlackCountry "RSA"]
[WhiteElo "1931"]
[WhiteRD "51"]
[BlackElo "2288"]
[BlackRD "58"]
[GameID "169623"]

1. d4 d5 2. c4 e6 3. Nc3 c5 4. cxd5 exd5 5. Nf3 Nf6 6. Bg5 Be6 7. e3 Nc6 8. Bd3 c4 9. Bb1 Qb6 10. Qc2 Ne4
11. Nxe4 dxe4 12. Nd2 Qa5 13. Qxe4 Qxg5 14. h4 Qa5 15. Ke2 O-O-O 16. Bc2 g6 17. Qf3 Rxd4
0-1

[Event "Leisure Tarrasch Thematic"]
[Site "SchemingMind.com"]
[Date "2008.09.08"]
[Round "-"]
[White "Schaakmaatje"]
[Black "dcon"]
[Result "0-1"]
[WhiteCountry "NED"]
[BlackCountry "RSA"]
[WhiteElo "1804"]
[WhiteRD "46"]
[BlackElo "2305"]
[BlackRD "63"]
[GameID "169624"]

1. d4 d5 2. c4 e6 3. Nc3 c5 4. cxd5 cxd4 5. Qxd4 Nc6 6. Qd1 exd5 7. e3 Nf6 8. Be2 Be6 9. Nf3 Be7 10. O-O O-O
11. a3 Ne4 12. Nxe4 dxe4 13. Nd4 Nxd4 14. exd4 f5 15. Qa4 Qb6 16. b4 Bf6 17. Be3 f4 18. Bxf4 Bxd4 19. Be3 Bxe3
0-1

[Event "Leisure Tarrasch Thematic"]
[Site "SchemingMind.com"]
[Date "2008.09.27"]
[Round "-"]
[White "Mihir Naniwadekar"]
[Black "Dr_Pat"]
[Result "0-1"]
[WhiteCountry "ENG"]
[BlackCountry "USA"]
[WhiteElo "1694"]
[WhiteRD "72"]
[BlackElo "2106"]
[BlackRD "52"]
[GameID "172719"]

1. d4 d5 2. c4 e6 3. Nc3 c5 4. cxd5 exd5 5. Nf3 Nc6 6. g3 Nf6 7. Bg2 Be7 8. O-O O-O 9. Bg5 c4 10. Ne5 Be6
11. Nxc6 bxc6 12. b3 Qd7 13. Qc2 Bf5 14. Qd1 h6 15. Bxf6 Bxf6 16. e3 Rab8 17. bxc4 dxc4 18. Re1 Rfc8 19. Rc1 Be7 20. e4 Bg4
21. f3 Be6 22. Qd2 Rd8
0-1

[Event "Leisure Tarrasch Thematic"]
[Site "SchemingMind.com"]
[Date "2008.09.26"]
[Round "-"]
[White "Mihir Naniwadekar"]
[Black "smothered mate"]
[Result "0-1"]
[WhiteCountry "ENG"]
[BlackCountry "POL"]
[WhiteElo "1744"]
[WhiteRD "72"]
[BlackElo "1904"]
[BlackRD "55"]
[GameID "172720"]

1. d4 d5 2. c4 e6 3. Nc3 c5 4. cxd5 exd5 5. Nf3 Nc6 6. g3 Nf6 7. Bg2 Be6 8. O-O Rc8 9. Bf4 Be7 10. dxc5 Bxc5
11. Rc1 Be7 12. a3 O-O 13. Qd3 Qd7 14. Ne5 Nxe5 15. Bxe5 Rfd8 16. Rfd1 Ng4 17. Bd4 a6 18. Na4 Qxa4
0-1

[Event "Leisure Tarrasch Thematic"]
[Site "SchemingMind.com"]
[Date "2008.09.26"]
[Round "-"]
[White "Mihir Naniwadekar"]
[Black "Schaakmaatje"]
[Result "0-1"]
[WhiteCountry "ENG"]
[BlackCountry "NED"]
[WhiteElo "1694"]
[WhiteRD "72"]
[BlackElo "1779"]
[BlackRD "55"]
[GameID "172721"]

1. d4 d5 2. c4 e6 3. Nc3 c5 4. cxd5 Nf6 5. Nf3 Nxd5 6. e4 Nxc3 7. bxc3 Nc6 8. d5 exd5 9. exd5 Qe7+ 10. Be2 Ne5
11. O-O Nxf3+ 12. Bxf3 Qd6 13. Re1+ Kd8 14. Bg5+ f6 15. Bh4 Qf4
0-1

[Event "Leisure Tarrasch Thematic"]
[Site "SchemingMind.com"]
[Date "2008.09.30"]
[Round "-"]
[White "Mihir Naniwadekar"]
[Black "dcon"]
[Result "0-1"]
[WhiteCountry "ENG"]
[BlackCountry "RSA"]
[WhiteElo "1694"]
[WhiteRD "72"]
[BlackElo "2325"]
[BlackRD "68"]
[GameID "172722"]

1. d4 d5 2. c4 e6 3. Nc3 c5 4. cxd5 exd5 5. Nf3 Nf6 6. g3 Be6 7. Bg2 Nc6 8. O-O Be7 9. dxc5 Bxc5 10. Bg5 h6
11. Bxf6 Qxf6 12. Nxd5 Bxd5 13. Qxd5 Bb6 14. e4 Qxb2 15. Rab1 Qf6
0-1

[Event "Leisure Tarrasch Thematic"]
[Site "SchemingMind.com"]
[Date "2008.09.27"]
[Round "-"]
[White "Dr_Pat"]
[Black "Mihir Naniwadekar"]
[Result "1-0"]
[WhiteCountry "USA"]
[BlackCountry "ENG"]
[WhiteElo "2106"]
[WhiteRD "52"]
[BlackElo "1694"]
[BlackRD "72"]
[GameID "172723"]

1. d4 d5 2. c4 e6 3. Nc3 c5 4. cxd5 exd5 5. Nf3 Nc6 6. Bf4 Nf6 7. e3 cxd4 8. Nxd4 Bb4 9. Be2 Ne4 10. Nxc6 bxc6
11. Qd4 Bxc3+ 12. bxc3 O-O 13. f3 Nf6 14. O-O Nh5 15. Bd3 Nxf4 16. Qxf4 a5 17. c4 Be6 18. cxd5 Bxd5 19. Rfd1 Qe7 20. e4 Be6
21. Rac1 Bxa2 22. Rxc6 Rfd8 23. Qe3 a4 24. Rdc1
1-0

[Event "Leisure Tarrasch Thematic"]
[Site "SchemingMind.com"]
[Date "2008.09.27"]
[Round "-"]
[White "smothered mate"]
[Black "Mihir Naniwadekar"]
[Result "1-0"]
[WhiteCountry "POL"]
[BlackCountry "ENG"]
[WhiteElo "1904"]
[WhiteRD "55"]
[BlackElo "1744"]
[BlackRD "72"]
[GameID "172724"]

1. d4 d5 2. c4 e6 3. Nc3 c5 4. Nf3 cxd4 5. Nxd4 Nf6 6. cxd5 Nxd5 7. Bd2 Bc5 8. Nb3 Be7 9. e4 Nb4 10. Nb5 O-O
11. Rc1 N8c6 12. Qf3 Ne5 13. Qc3 Nbd3+ 14. Bxd3 Nxd3+ 15. Ke2 Nxc1+ 16. Rxc1 Bd7 17. N5d4 Rc8 18. Qg3 Rxc1 19. Bxc1
1-0

[Event "Leisure Tarrasch Thematic"]
[Site "SchemingMind.com"]
[Date "2008.09.26"]
[Round "-"]
[White "Schaakmaatje"]
[Black "Mihir Naniwadekar"]
[Result "1-0"]
[WhiteCountry "NED"]
[BlackCountry "ENG"]
[WhiteElo "1767"]
[WhiteRD "51"]
[BlackElo "1744"]
[BlackRD "72"]
[GameID "172725"]

1. d4 d5 2. c4 e6 3. Nc3 c5 4. cxd5 exd5 5. e4 dxe4 6. d5 Nf6 7. Bg5 Be7 8. Bb5+ Bd7 9. Bxd7+ Qxd7 10. Nge2 O-O
11. O-O Nxd5 12. Bxe7 Nxe7 13. Nxe4 Qc6 14. Qc2
1-0

[Event "Leisure Tarrasch Thematic"]
[Site "SchemingMind.com"]
[Date "2008.09.30"]
[Round "-"]
[White "dcon"]
[Black "Mihir Naniwadekar"]
[Result "1-0"]
[WhiteCountry "RSA"]
[BlackCountry "ENG"]
[WhiteElo "2325"]
[WhiteRD "68"]
[BlackElo "1694"]
[BlackRD "72"]
[GameID "172726"]

1. d4 d5 2. c4 e6 3. Nc3 c5 4. cxd5 exd5 5. dxc5 d4 6. Na4 b5 7. cxb6 axb6 8. e4 Nc6 9. Nf3 Bd7 10. Bd2 Nb4
11. a3 Bxa4 12. b3 Bc6 13. axb4 Nf6 14. Ne5 Rxa1 15. Qxa1
1-0

[Event "Leisure Tarrasch Thematic"]
[Site "SchemingMind.com"]
[Date "2008.10.07"]
[Round "-"]
[White "kisei"]
[Black "Dr_Pat"]
[Result "1/2-1/2"]
[WhiteCountry "HUN"]
[BlackCountry "USA"]
[WhiteElo "2008"]
[WhiteRD "73"]
[BlackElo "2106"]
[BlackRD "52"]
[GameID "173952"]

1. d4 d5 2. c4 e6 3. Nc3 c5 4. cxd5 exd5 5. Nf3 Nc6 6. g3 Nf6 7. Bg2 Be7 8. O-O O-O 9. Bg5 c4 10. Ne5 Be6
11. Nxc6 bxc6 12. b3 Qd7 13. Qd2 h6 14. Bf4 g5 15. Be3 Rab8 16. f4 Ng4 17. bxc4 dxc4 18. fxg5 Nxe3 19. Qxe3 Bxg5 20. Qf2 Rb2
21. Rad1 Rc2 22. Ne4 Bg4 23. Nxg5 hxg5 24. Rc1 Rxe2=
1/2-1/2

[Event "Leisure Tarrasch Thematic"]
[Site "SchemingMind.com"]
[Date "2008.10.07"]
[Round "-"]
[White "kisei"]
[Black "smothered mate"]
[Result "1-0"]
[WhiteCountry "HUN"]
[BlackCountry "POL"]
[WhiteElo "2008"]
[WhiteRD "73"]
[BlackElo "1882"]
[BlackRD "54"]
[GameID "173953"]

1. d4 d5 2. c4 e6 3. Nc3 c5 4. cxd5 exd5 5. Nf3 Nc6 6. g3 Nf6 7. Bg2 h6 8. O-O Be6 9. e3 Rc8 10. Ne5 a6
11. f4 cxd4 12. exd4 Nxd4 13. Be3 Nc6 14. Nxc6 bxc6 15. f5 Bd7 16. Re1 Ne4 17. Nxe4 dxe4 18. Bxe4 Bb4 19. Qd4 Bxe1 20. Qxg7 Rf8
21. Bc5
1-0

[Event "Leisure Tarrasch Thematic"]
[Site "SchemingMind.com"]
[Date "2008.10.12"]
[Round "-"]
[White "kisei"]
[Black "Schaakmaatje"]
[Result "1/2-1/2"]
[WhiteCountry "HUN"]
[BlackCountry "NED"]
[WhiteElo "2008"]
[WhiteRD "73"]
[BlackElo "1779"]
[BlackRD "55"]
[GameID "173954"]

1. d4 d5 2. c4 e6 3. Nc3 c5 4. cxd5 cxd4 5. Qxd4 Nf6 6. e4 exd5 7. exd5 Be7 8. Bb5+ Bd7 9. Bxd7+ Qxd7 10. Nf3 Na6
11. O-O O-O 12. Be3 Nb4 13. Ne5 Qd8 14. Rac1 Nbxd5 15. Rfd1 Nxc3 16. Qxc3 Qc8 17. Qxc8 Rfxc8 18. Nc4 b6 19. g3 Bc5=
1/2-1/2

[Event "Leisure Tarrasch Thematic"]
[Site "SchemingMind.com"]
[Date "2008.10.09"]
[Round "-"]
[White "kisei"]
[Black "dcon"]
[Result "0-1"]
[WhiteCountry "HUN"]
[BlackCountry "RSA"]
[WhiteElo "1893"]
[WhiteRD "66"]
[BlackElo "2361"]
[BlackRD "61"]
[GameID "173955"]

1. d4 d5 2. c4 e6 3. Nc3 c5 4. cxd5 exd5 5. Nf3 Nc6 6. g3 Nf6 7. Bg2 c4 8. O-O Be7 9. Ne5 O-O 10. Nxc6 bxc6
11. b3 Ba6 12. Bf4 Re8 13. e3 cxb3 14. axb3 Bxf1 15. Bxf1 Nd7 16. Bd3 Nf8 17. Qg4 Ne6 18. Be5 Bd6 19. f4 Bb4 20. Na2 Bd2
21. Qe2 Ba5 22. Qc2 f6 23. Bxh7+ Kf8
0-1

[Event "Leisure Tarrasch Thematic"]
[Site "SchemingMind.com"]
[Date "2008.10.07"]
[Round "-"]
[White "kisei"]
[Black "Mihir Naniwadekar"]
[Result "1-0"]
[WhiteCountry "HUN"]
[BlackCountry "ENG"]
[WhiteElo "2008"]
[WhiteRD "73"]
[BlackElo "1694"]
[BlackRD "72"]
[GameID "173956"]

1. d4 d5 2. c4 e6 3. Nc3 c5 4. cxd5 exd5 5. Nf3 Nf6 6. g3 Nc6 7. Bg2 cxd4 8. Nxd4 Qb6 9. Nxc6 bxc6 10. O-O Bb4
11. Be3 Qa5 12. Bd4 Be7 13. e4
1-0

[Event "Leisure Tarrasch Thematic"]
[Site "SchemingMind.com"]
[Date "2008.10.07"]
[Round "-"]
[White "Dr_Pat"]
[Black "kisei"]
[Result "1-0"]
[WhiteCountry "USA"]
[BlackCountry "HUN"]
[WhiteElo "2138"]
[WhiteRD "50"]
[BlackElo "1854"]
[BlackRD "71"]
[GameID "173957"]

1. d4 d5 2. c4 e6 3. Nc3 c5 4. cxd5 exd5 5. Nf3 Nc6 6. g3 Nf6 7. Bg2 Be7 8. O-O O-O 9. Bg5 cxd4 10. Nxd4 h6
11. Be3 Re8 12. Rc1 Bf8 13. Qa4 Na5 14. Bf4 Nc4 15. Qb3 Na5 16. Qc2 Nc6 17. Ndb5 g5 18. Be3 a6 19. Nd4 Bg4 20. h3 Bh5
21. a3 Bg6 22. Qb3 Na5 23. Qa2 Nc4 24. Nxd5 Nxd5 25. Bxd5 Nxe3 26. fxe3 Rxe3 27. Rc3 Re7 28. e3 Qd6 29. Kg2 Rae8 30. Qb3 Rd7
31. Bf3 Qe5 32. Rd1 Red8 33. Rc4
1-0

[Event "Leisure Tarrasch Thematic"]
[Site "SchemingMind.com"]
[Date "2008.10.07"]
[Round "-"]
[White "smothered mate"]
[Black "kisei"]
[Result "1/2-1/2"]
[WhiteCountry "POL"]
[BlackCountry "HUN"]
[WhiteElo "1878"]
[WhiteRD "51"]
[BlackElo "1893"]
[BlackRD "66"]
[GameID "173958"]

1. d4 d5 2. c4 e6 3. Nc3 c5 4. cxd5 exd5 5. Nf3 Nc6 6. g3 Nf6 7. Bg2 Be7 8. Bg5 c4 9. O-O O-O 10. Ne5 Be6
11. b3 cxb3 12. Nxc6 bxc6 13. axb3 Bf5 14. Ra6 Qd7 15. Bxf6 Bxf6 16. e3 Qb7 17. Qe2 Qxb3 18. Rxc6 Rfd8 19. Rc5 Be7 20. Rc6 Bf6=
1/2-1/2

[Event "Leisure Tarrasch Thematic"]
[Site "SchemingMind.com"]
[Date "2008.10.12"]
[Round "-"]
[White "Schaakmaatje"]
[Black "kisei"]
[Result "0-1"]
[WhiteCountry "NED"]
[BlackCountry "HUN"]
[WhiteElo "1759"]
[WhiteRD "55"]
[BlackElo "1893"]
[BlackRD "66"]
[GameID "173959"]

1. d4 d5 2. c4 e6 3. Nc3 c5 4. cxd5 exd5 5. e4 dxe4 6. d5 Nf6 7. Bg5 Be7 8. Bb5+ Nfd7 9. Bxe7 Qxe7 10. Nge2 a6
11. Qa4 f5 12. Nf4 O-O 13. Be2 Qd6 14. g3 Ne5 15. O-O-O Nbd7 16. Qb3 Nf6 17. Kb1 b5 18. Bxb5 axb5 19. Nxb5 Qb6 20. d6+ c4
21. Qb4 Bd7 22. a4 Qxf2 23. Rd2 Rxa4 24. Qxa4 Qxd2 25. Rd1 Bxb5 26. Rxd2 Bxa4 27. Ne6 Re8 28. Nc5 Bc6
0-1

[Event "Leisure Tarrasch Thematic"]
[Site "SchemingMind.com"]
[Date "2008.10.11"]
[Round "-"]
[White "dcon"]
[Black "kisei"]
[Result "1-0"]
[WhiteCountry "RSA"]
[BlackCountry "HUN"]
[WhiteElo "2361"]
[WhiteRD "61"]
[BlackElo "1893"]
[BlackRD "66"]
[GameID "173960"]

1. d4 d5 2. c4 e6 3. Nc3 c5 4. cxd5 exd5 5. Nf3 Nc6 6. g3 Nf6 7. Bg2 Be7 8. dxc5 Bxc5 9. O-O O-O 10. Bg5 d4
11. Ne4 Be7 12. Bxf6 Bxf6 13. b4 d3 14. Qxd3 Nxb4 15. Nxf6+ Qxf6 16. Qb5 Qb6 17. Qxb6 axb6 18. a3 Nc6 19. Rfb1 Ra6 20. Bf1 Bg4
21. h3 Bxf3 22. exf3 Ra7 23. Rxb6 g5 24. Kg2 Rd8 25. Bb5
1-0

[Event "Leisure Tarrasch Thematic"]
[Site "SchemingMind.com"]
[Date "2008.10.07"]
[Round "-"]
[White "Mihir Naniwadekar"]
[Black "kisei"]
[Result "0-1"]
[WhiteCountry "ENG"]
[BlackCountry "HUN"]
[WhiteElo "1694"]
[WhiteRD "72"]
[BlackElo "2008"]
[BlackRD "73"]
[GameID "173961"]

1. d4 d5 2. c4 e6 3. Nc3 c5 4. cxd5 exd5 5. Nf3 Nc6 6. g3 Nf6 7. Bg2 Be7 8. O-O O-O 9. Bg5 cxd4 10. Nxd4 h6
11. Be3 Re8 12. Nxc6 bxc6
0-1